[Event "CZE-ch rapid U20"]
[Site "Ceska Trebova"]
[Date "2020.09.19"]
[Round "3"]
[White "Parizek, Vojtech"]
[Black "Vilimova, Julie"]
[Result "1-0"]
[WhiteElo "1871"]
[BlackElo "1543"]
[PlyCount "57"]
[EventDate "2020.09.19"]
[EventType "swiss (rapid)"]
[EventRounds "9"]
[EventCountry "CZE"]
[SourceTitle "CBM 198 Extra"]
[Source "ChessBase"]
[SourceDate "2020.11.30"]
[SourceVersion "1"]
[SourceVersionDate "2020.11.30"]
[SourceQuality "1"]

1. e4 g6 2. d4 Bg7 3. Nc3 d6 4. Be3 Nf6 5. f3 c6 6. Qd2 Nbd7 7. 0-0-0 0-0 8. Bh6 b5 9. Kb1 a5 10. h4 Nb6 11. h5 b4 12. Nce2 Nc4 13. Qc1 a4 14. Bxg7 Kxg7 15. hxg6 fxg6 16. Qh6+ Kg8 17. Nf4 Ne3 18. Nh5 Nxh5 19. Qxe3 Ng3 20. Rh2 Nxf1 21. Rxf1 Ba6 22. Rd1 Qb6 23. Qh6 Rf7 24. Nh3 Rb8 25. Ng5 b3 26. cxb3 axb3 27. a3 Rbf8 28. Nxh7 Rb8 29. Ng5 1-0

[Event "CZE-ch rapid U20"]
[Site "Ceska Trebova"]
[Date "2020.09.19"]
[Round "5"]
[White "Vilimova, Julie"]
[Black "Strnad, Michael"]
[Result "1/2-1/2"]
[WhiteElo "1543"]
[BlackElo "1706"]
[PlyCount "36"]
[EventDate "2020.09.19"]
[EventType "swiss (rapid)"]
[EventRounds "9"]
[EventCountry "CZE"]
[SourceTitle "CBM 198 Extra"]
[Source "ChessBase"]
[SourceDate "2020.11.30"]
[SourceVersion "1"]
[SourceVersionDate "2020.11.30"]
[SourceQuality "1"]

1. e4 d6 2. d4 e5 3. dxe5 dxe5 4. Qxd8+ Kxd8 5. Nf3 Nc6 6. Bb5 Bd6 7. 0-0 Nf6 8. Bg5 Bg4 9. Nbd2 h6 10. Bxf6+ gxf6 11. h3 Bxf3 12. Nxf3 a6 13. Bc4 Ke8 14. Nh4 b5 15. Bd5 Kd7 16. Nf5 Raf8 17. Rad1 Ne7 18. Nxe7 Kxe7 1/2-1/2

[Event "Ricany op-A"]
[Site "Ricany"]
[Date "2019.08.30"]
[Round "8"]
[White "Smolik, Jachym"]
[Black "Vilimova, Julie"]
[Result "1-0"]
[WhiteElo "1891"]
[BlackElo "1953"]
[PlyCount "77"]
[EventDate "2019.08.24"]
[EventType "swiss"]
[EventRounds "9"]
[EventCountry "CZE"]
[SourceTitle "EXT 2020"]
[Source "ChessBase"]
[SourceDate "2019.10.17"]
[SourceVersion "1"]
[SourceVersionDate "2019.10.17"]
[SourceQuality "1"]

1. d4 d5 2. c4 e6 3. Nc3 Nf6 4. cxd5 exd5 5. Bg5 Be7 6. e3 0-0 7. Bd3 h6 8. Bf4 b6 9. h3 c5 10. Nf3 Bb7 11. 0-0 Nc6 12. Ne5 Nxe5 13. Bxe5 Nd7 14. Bf4 Bf6 15. Bf5 cxd4 16. exd4 Nb8 17. Re1 Nc6 18. Nb5 Bg5 19. Bxg5 Qxg5 20. Bg4 Qf6 21. Re3 a6 22. Rf3 Qe7 23. Nc3 Rad8 24. Rd3 Qb4 25. Qd2 a5 26. a3 Qe7 27. Bf3 Qe6 28. Re1 Qf5 29. g4 Qg6 30. Bxd5 Ba6 31. Rde3 h5 32. Bxc6 Qxc6 33. gxh5 Bb7 34. d5 Qh6 35. Qd4 Qxh5 36. Rg3 g6 37. Ne4 f6 38. Nxf6+ Rxf6 39. Qxf6 1-0

[Event "Ricany op-A"]
[Site "Ricany"]
[Date "2019.08.24"]
[Round "1"]
[White "Vilimova, Julie"]
[Black "Vit, Zdenek"]
[Result "1-0"]
[WhiteElo "1953"]
[BlackElo "1747"]
[PlyCount "61"]
[EventDate "2019.08.24"]
[EventType "swiss"]
[EventRounds "9"]
[EventCountry "CZE"]
[SourceTitle "EXT 2020"]
[Source "ChessBase"]
[SourceDate "2019.10.17"]
[SourceVersion "1"]
[SourceVersionDate "2019.10.17"]
[SourceQuality "1"]

1. d4 Nf6 2. c4 g6 3. Nc3 d5 4. cxd5 Nxd5 5. e4 Nxc3 6. bxc3 Bg7 7. Be3 c5 8. Qd2 cxd4 9. cxd4 0-0 10. Rd1 Nc6 11. d5 Na5 12. Bd4 b6 13. Bxg7 Kxg7 14. Bb5 Bd7 15. Bxd7 Qxd7 16. Qd4+ f6 17. Nf3 Rfc8 18. 0-0 Rc4 19. Qd3 Rac8 20. Nd4 Qa4 21. Qe3 h5 22. e5 Qe8 23. f4 f5 24. Qg3 Kh7 25. Qg5 Rd8 26. Rd3 Rxd5 27. Nxf5 gxf5 28. Rxd5 e6 29. Rd8 Qf7 30. Rfd1 Rc7 31. Rh8+ 1-0

[Event "Pardubice Czech op-B 30th"]
[Site "Pardubice"]
[Date "2019.07.21"]
[Round "3"]
[White "Vilimova, Julie"]
[Black "Kutzner, Joachim"]
[Result "1/2-1/2"]
[WhiteElo "1786"]
[BlackElo "2032"]
[PlyCount "84"]
[EventDate "2019.07.19"]
[EventType "swiss"]
[EventRounds "9"]
[EventCountry "CZE"]
[SourceTitle "EXT 2020"]
[Source "ChessBase"]
[SourceDate "2019.10.17"]
[SourceVersion "1"]
[SourceVersionDate "2019.10.17"]
[SourceQuality "1"]

1. d4 Nf6 2. c4 g6 3. Nc3 Bg7 4. e4 d6 5. f3 0-0 6. Be3 e5 7. d5 Nh5 8. g4 Nf4 9. Nge2 f5 10. gxf5 gxf5 11. Nxf4 exf4 12. Bd4 Qh4+ 13. Bf2 Qf6 14. Rg1 Nd7 15. Nb5 fxe4 16. Bd4 Ne5 17. fxe4 f3 18. Kd2 Rf7 19. Kc2 Qf4 20. Rg3 Qxe4+ 21. Bd3 Nxd3 22. Qxd3 Qxd3+ 23. Kxd3 Bf5+ 24. Kc3 Bg6 25. Bxg7 Kxg7 26. Rf1 f2 27. Nd4 Kh6 28. Ne6 Bf5 29. Nd4 Be4 30. Rg4 Re8 31. Ne6 Bf5 32. Rh4+ Kg6 33. Rxf2 Bxe6 34. Rg2+ Kf6 35. Rh6+ Kf5 36. dxe6 Rxe6 37. Rf2+ Kg5 38. Rxf7 Rxh6 39. Rxc7 Kf6 40. Rxb7 a5 41. Ra7 Rh3+ 42. Kd4 Rxh2 1/2-1/2

[Event "CZE-chT2A 1819"]
[Site "Czech Republic"]
[Date "2018.10.14"]
[Round "1.8"]
[White "Vilimova, Julie"]
[Black "Hruska, Jan"]
[Result "1-0"]
[WhiteElo "1842"]
[BlackElo "2053"]
[PlyCount "93"]
[EventDate "2018.10.14"]
[EventType "team-tourn"]
[EventRounds "11"]
[EventCountry "CZE"]
[SourceTitle "EXT 2022"]
[Source "ChessBase"]
[SourceDate "2021.10.06"]
[SourceVersion "1"]
[SourceVersionDate "2021.10.06"]
[SourceQuality "1"]
[WhiteTeam "Ricany II"]
[BlackTeam "Unichess Underground"]
[WhiteTeamCountry "CZE"]
[BlackTeamCountry "CZE"]

1. d4 d5 2. c4 e6 3. Nc3 Nf6 4. Bg5 Be7 5. e3 Nbd7 6. Nf3 c6 7. cxd5 exd5 8. Bd3 h6 9. Bf4 0-0 10. h3 Re8 11. Qc2 Nf8 12. 0-0-0 Bb4 13. Kb1 Bxc3 14. Qxc3 Ne4 15. Qc2 Bf5 16. Ne5 Bh7 17. f3 Nd6 18. Bxh7+ Nxh7 19. h4 f6 20. Ng6 Nc4 21. e4 Nf8 22. Nxf8 Rxf8 23. g4 Qb6 24. Ka1 Rae8 25. Bc1 Re6 26. b3 Nd6 27. exd5 cxd5 28. Bxh6 f5 29. Bf4 Rc8 30. Qg2 Qa6 31. Be5 fxg4 32. Qxg4 Ne8 33. Rc1 Rec6 34. Qxc8 Rxc8 35. Rxc8 Kf7 36. Rhc1 Qb5 37. R8c5 Qd3 38. Rxd5 Qxf3 39. Rdc5 Ke6 40. R5c3 Qf2 41. h5 Nf6 42. Bxf6 Qxf6 43. Rc6+ bxc6 44. Rxc6+ Kf5 45. Rxf6+ Kxf6 46. Kb2 Kg5 47. d5 1-0

[Event "Ricany op-A"]
[Site "Ricany"]
[Date "2018.08.26"]
[Round "3"]
[White "Vilimova, Julie"]
[Black "Polansky, Adam Lubos"]
[Result "0-1"]
[WhiteElo "1836"]
[BlackElo "1990"]
[PlyCount "60"]
[EventDate "2018.08.25"]
[EventType "swiss"]
[EventRounds "9"]
[EventCountry "CZE"]
[SourceTitle "EXT 2019"]
[Source "ChessBase"]
[SourceDate "2018.10.10"]
[SourceVersion "1"]
[SourceVersionDate "2018.10.10"]
[SourceQuality "1"]

1. d4 Nf6 2. c4 e6 3. Nc3 d5 4. Bg5 Be7 5. e3 Nbd7 6. Bd3 0-0 7. Qc2 h6 8. h4 dxc4 9. Bxc4 c5 10. 0-0-0 Qa5 11. Nf3 a6 12. g4 cxd4 13. Rxd4 b5 14. Be2 b4 15. Na4 Bb7 16. Bxf6 Bxf6 17. Rc4 Rac8 18. Rh3 Rxc4 19. Bxc4 Bxf3 20. Rxf3 Rc8 21. b3 Bxh4 22. Kb1 Bf6 23. Rf4 Be5 24. Rf3 Nf6 25. Qd3 Rd8 26. Qe2 Rd6 27. Rh3 Ne4 28. f4 Rd2 29. Qf3 Nc3+ 30. Nxc3 Bxc3 0-1

[Event "Klatovy op-A 24th"]
[Site "Klatovy"]
[Date "2018.07.05"]
[Round "6"]
[White "Vilimova, Julie"]
[Black "Cekan, Petr1111"]
[Result "1/2-1/2"]
[WhiteElo "1826"]
[BlackElo "1966"]
[PlyCount "22"]
[EventDate "2018.06.30"]
[EventType "swiss"]
[EventRounds "9"]
[EventCountry "CZE"]
[SourceTitle "EXT 2019"]
[Source "ChessBase"]
[SourceDate "2018.10.10"]
[SourceVersion "1"]
[SourceVersionDate "2018.10.10"]
[SourceQuality "1"]

1. d4 Nf6 2. c4 g6 3. Nc3 Bg7 4. e4 d6 5. f3 0-0 6. Be3 c5 7. d5 Na6 8. Qd2 Re8 9. Bh6 Bh8 10. h4 Nh5 11. Nge2 Be5 1/2-1/2

[Event "Klatovy op-A 24th"]
[Site "Klatovy"]
[Date "2018.07.02"]
[Round "3"]
[White "Nagy, Ladislav1111"]
[Black "Vilimova, Julie"]
[Result "1-0"]
[WhiteElo "1996"]
[BlackElo "1826"]
[PlyCount "75"]
[EventDate "2018.06.30"]
[EventType "swiss"]
[EventRounds "9"]
[EventCountry "CZE"]
[SourceTitle "CBM 185 Extra"]
[Source "ChessBase"]
[SourceDate "2018.07.29"]
[SourceVersion "1"]
[SourceVersionDate "2018.07.29"]
[SourceQuality "1"]

1. Nf3 g6 2. g3 Bg7 3. Bg2 Nf6 4. 0-0 0-0 5. c4 d6 6. Nc3 Nc6 7. d3 e5 8. Rb1 Nh5 9. b4 f5 10. Qb3 Kh8 11. b5 Ne7 12. Nd5 Nf6 13. Bg5 Be6 14. Nd2 Nexd5 15. cxd5 Bf7 16. Qb4 h6 17. Bxf6 Qxf6 18. Rbc1 Qe7 19. e4 Rfc8 20. a4 Be8 21. Nc4 Bf8 22. Na5 a6 23. bxa6 Rxa6 24. Qxb7 Raa8 25. Nc6 Bxc6 26. Qxc6 Ra7 27. Ra1 Rb8 28. Rfb1 Qe8 29. Qxe8 Rxe8 30. a5 Rea8 31. Rb5 Be7 32. Bh3 fxe4 33. dxe4 Bg5 34. Ra2 Bd8 35. Bd7 Ra6 36. Bc6 Kg7 37. Bxa8 Rxa8 38. a6 1-0

[Event "CZE-chT U18 Extraliga final-B 1718"]
[Site "Czech Republic"]
[Date "2018.04.22"]
[Round "11.5"]
[White "Vilimova, Julie"]
[Black "Pekarek, Ales1111"]
[Result "1/2-1/2"]
[WhiteElo "1136"]
[BlackElo "1730"]
[PlyCount "76"]
[EventDate "2017.10.07"]
[EventType "team-tourn"]
[EventRounds "11"]
[EventCountry "CZE"]
[SourceTitle "EXT 2023"]
[Source "ChessBase"]
[SourceDate "2022.10.05"]
[SourceVersion "1"]
[SourceVersionDate "2022.10.05"]
[SourceQuality "1"]
[WhiteTeam "Ricany (U18)"]
[BlackTeam "Orlova Slavia (U18)"]
[WhiteTeamCountry "CZE"]
[BlackTeamCountry "CZE"]

1. d4 d6 2. c4 e5 3. d5 f5 4. Nc3 Nf6 5. Qc2 Be7 6. e4 f4 7. g3 g5 8. f3 Nbd7 9. Bd2 Nf8 10. 0-0-0 Ng6 11. Nge2 Kf7 12. h4 h6 13. Kb1 Kg7 14. Bg2 Nd7 15. hxg5 hxg5 16. gxf4 gxf4 17. Rxh8 Qxh8 18. Rh1 Qe8 19. Nb5 Qd8 20. Bh3 c6 21. Nbc3 Nb6 22. b3 Bxh3 23. Rxh3 Qd7 24. Rh2 Rg8 25. Qd1 Kf7 26. Qh1 Bf6 27. Rh7+ Rg7 28. Rxg7+ Kxg7 29. Be1 c5 30. Nd1 Qe7 31. Nf2 Nd7 32. Ng4 Bh4 33. Bxh4 Qxh4 34. Qxh4 Nxh4 35. Ng1 Nf6 36. Nxf6 Kxf6 37. Kc2 Ng2 38. Kd2 Kg5 1/2-1/2

[Event "CZE-chT U18 Extraliga final-B 1718"]
[Site "Czech Republic"]
[Date "2018.04.21"]
[Round "9.5"]
[White "Vilimova, Julie"]
[Black "Krivanek, Jakub"]
[Result "1-0"]
[WhiteElo "1136"]
[BlackElo "1432"]
[PlyCount "75"]
[EventDate "2017.10.07"]
[EventType "team-tourn"]
[EventRounds "11"]
[EventCountry "CZE"]
[SourceTitle "EXT 2023"]
[Source "ChessBase"]
[SourceDate "2022.10.05"]
[SourceVersion "1"]
[SourceVersionDate "2022.10.05"]
[SourceQuality "1"]
[WhiteTeam "Ricany (U18)"]
[BlackTeam "Kurim (U18)"]
[WhiteTeamCountry "CZE"]
[BlackTeamCountry "CZE"]

1. d4 d5 2. c4 e6 3. Nc3 Nf6 4. Bg5 Be7 5. e3 Nbd7 6. Nf3 0-0 7. cxd5 exd5 8. Bd3 c6 9. Qc2 h6 10. Bf4 Re8 11. 0-0-0 Nf8 12. Rdg1 Bd6 13. Bxd6 Qxd6 14. Ne5 Re7 15. g4 Ne6 16. h4 Nf8 17. g5 N6h7 18. Nxf7 Rxf7 19. g6 Nf6 20. gxf7+ Kxf7 21. Rg2 Ne6 22. Rhg1 Bd7 23. Bg6+ Kg8 24. Bf5 Qe7 25. Bxe6+ Bxe6 26. Qg6 Ne8 27. Qxh6 Rd8 28. Qg5 Rd7 29. h5 Qxg5 30. Rxg5 Kf8 31. Ne2 Rf7 32. Nf4 Bf5 33. R1g2 Ke7 34. Ng6+ Bxg6 35. Rxg6 Kd7 36. Kd2 Ke7 37. Ke2 Kd7 38. R2g5 1-0

[Event "CZE-chT U18 Extraliga West 1718"]
[Site "Czech Republic"]
[Date "2017.10.08"]
[Round "3.6"]
[White "Dolejs, Jakub"]
[Black "Vilimova, Julie"]
[Result "0-1"]
[WhiteElo "1432"]
[BlackElo "1136"]
[PlyCount "44"]
[EventDate "2017.10.07"]
[EventType "team-tourn"]
[EventRounds "11"]
[EventCountry "CZE"]
[SourceTitle "EXT 2023"]
[Source "ChessBase"]
[SourceDate "2022.10.05"]
[SourceVersion "1"]
[SourceVersionDate "2022.10.05"]
[SourceQuality "1"]
[WhiteTeam "Praha Kobylisy (U18)"]
[BlackTeam "Ricany (U18)"]
[WhiteTeamCountry "CZE"]
[BlackTeamCountry "CZE"]

1. d4 Nf6 2. c4 g6 3. Nc3 Bg7 4. e4 d6 5. Nf3 0-0 6. h3 Nbd7 7. Be3 e5 8. d5 Nc5 9. Bxc5 dxc5 10. Be2 Nh5 11. g3 Qe7 12. Qc2 f5 13. Nh4 Qg5 14. Bxh5 Qxh5 15. Qe2 Qg5 16. Nf3 Qf6 17. Nd2 Bd7 18. 0-0 Bh6 19. Rfb1 f4 20. g4 f3 21. Qd1 Qh4 22. Qf1 Bxd2 0-1

[Event "CZE-ch U16 Girls"]
[Site "Kouty nad Desnou"]
[Date "2017.03.14"]
[Round "5"]
[White "Vilimova, Julie"]
[Black "Nemcova, Karin"]
[Result "1/2-1/2"]
[WhiteElo "1798"]
[BlackElo "1984"]
[PlyCount "72"]
[EventDate "2017.03.11"]
[EventType "swiss"]
[EventRounds "9"]
[EventCountry "CZE"]
[SourceTitle "CBM 177 Extra"]
[Source "ChessBase"]
[SourceDate "2017.04.27"]
[SourceVersion "1"]
[SourceVersionDate "2017.04.27"]
[SourceQuality "1"]

1. d4 d5 2. c4 e6 3. Nc3 a6 4. cxd5 exd5 5. Nf3 c6 6. Qc2 Bd6 7. Bg5 Ne7 8. e3 f6 9. Bh4 Bf5 10. Bd3 Bxd3 11. Qxd3 0-0 12. Bg3 Qc7 13. Bxd6 Qxd6 14. 0-0 Nd7 15. Rad1 Nb6 16. Nd2 Qe6 17. Nb3 Nd7 18. Rfe1 f5 19. Na4 b6 20. Rc1 Qd6 21. Nc3 Rf6 22. Ne2 a5 23. Nd2 Rh6 24. Ng3 Nf6 25. Nf3 Ne4 26. Ne5 Nxg3 27. hxg3 Rh5 28. f3 Rc8 29. Qa6 Qd8 30. Qb7 Rh6 31. Rc3 Rb8 32. Qa7 Rd6 33. Rec1 Ra8 34. Qb7 Rb8 35. Qa7 Ra8 36. Qb7 Rb8 1/2-1/2

[Event "CZE-chT U18 Extraliga West 1617"]
[Site "Czech Republic"]
[Date "2016.10.01"]
[Round "2.5"]
[White "Dolansky, Lukas"]
[Black "Vilimova, Julie"]
[Result "1-0"]
[WhiteElo "2049"]
[BlackElo "1861"]
[PlyCount "55"]
[EventDate "2016.10.01"]
[EventType "team-tourn"]
[EventRounds "11"]
[EventCountry "CZE"]
[SourceTitle "EXT 2022"]
[Source "ChessBase"]
[SourceDate "2021.10.06"]
[SourceVersion "1"]
[SourceVersionDate "2021.10.06"]
[SourceQuality "1"]
[WhiteTeam "Klatovy U18"]
[BlackTeam "Ricany U18"]
[WhiteTeamCountry "CZE"]
[BlackTeamCountry "CZE"]

1. e4 c5 2. Nf3 d6 3. g3 g6 4. Bg2 Bg7 5. 0-0 Nc6 6. c3 e6 7. Re1 Nge7 8. Na3 0-0 9. d4 cxd4 10. cxd4 d5 11. e5 Qb6 12. Nc2 Bd7 13. b3 Rfc8 14. Bb2 Rc7 15. Ba3 Rcc8 16. Bf1 Bf8 17. Qd2 h5 18. h3 a6 19. Bc5 Qc7 20. Rac1 Qa5 21. b4 Qd8 22. g4 Kh7 23. Ng5+ Kg8 24. Qf4 Qe8 25. Bd3 h4 26. Nf3 Kh7 27. Ne3 Bg7 28. Nxh4 1-0